Sardar Patel/ (Record no. 165610)

MARC details
000 -LEADER
fixed length control field 00632nam a22001937a 4500
005 - DATE AND TIME OF LATEST TRANSACTION
control field 20190625113825.0
010 ## - LCCN (DPL NO)
LC control number B-125739
020 ## - INTERNATIONAL STANDARD BOOK NUMBER
Terms of availability 995.00
International Standard Book Number 9789386048387
035 ## - SYSTEM CONTROL NUMBER
System control number EN-109271
037 ## - SOURCE OF ACQUISITION
Source of stock number/acquisition DBAD/PUB
082 ## - DEWEY DECIMAL CLASSIFICATION NUMBER
Classification number 954.035
100 ## - MAIN ENTRY--PERSONAL NAME
Personal name Singh, R.K.
245 ## - TITLE STATEMENT
Title Sardar Patel/
Remainder of title by R.K. Singh
260 ## - PUBLICATION, DISTRIBUTION, ETC. (IMPRINT)
Place of publication, distribution, etc Delhi
Name of publisher, distributor, etc GS Publication Distributors
Date of publication, distribution, etc 2017
270 ## - ADDRESS
Address F-7, Gali No.1, Panchsheel Garden Extn.
City Naveen Shahdara, Delhi
Postal code 110032
Telephone number 9971733123
Electronic mail address gspublisherdistributors@gmail.com
300 ## - PHYSICAL DESCRIPTION
Extent viii,296p.
Dimensions 22cm(Hb)
500 ## - GENERAL NOTE
General note include bibliography and index
942 ## - ADDED ENTRY ELEMENTS (KOHA)
Source of classification or shelving scheme Dewey Decimal Classification
Item type English Books
Classification part 954.035
Call number suffix SIN
Holdings
Withdrawn status Lost status Not for loan Collection code Home library Current library Date acquired Source of acquisition Cost, normal purchase price Full call number Barcode Copy number Cost, replacement price Koha item type
      Non-fiction Ashok Vihar Ashok Vihar 25/06/2019 DBAD/PUB 995.00 954.035 SIN EN-109271 1 995.00 English Books

© Delhi Public Library
Hit Counter
free hit counter